Music Quiz

Random Music or Bands Quiz

Band Receipts Quiz Stats

 Plays Quiz Updated Nov 23, 2019

Score 0/10 Timer 05:00
2 Plays Today
% Correct
The Beatles
99.3%
Queen
97.2%
Pink Floyd
93.8%
The Beach Boys
91.4%
The Rolling Stones
85.6%
The Who
85%
Guns N' Roses
83.7%
Led Zeppelin
81.2%
Red Hot Chili Peppers
79.8%
The Cranberries
70.2%

You're not logged in!

Compare scores with friends on all Sporcle quizzes.
OR
Log In

Sporcle TV

Today on Sporcle TV


Watch our educational content, quiz creation guides, and fun videos on Sporcle TV.

Show Comments

Extras

Top Quizzes Today


Score Distribution

Your Account Isn't Verified!

In order to create a playlist on Sporcle, you need to verify the email address you used during registration. Go to your Sporcle Settings to finish the process.

Report this User

Report this user for behavior that violates our Community Guidelines.

Details: